Этапы построения математической модели производства дизельного топлива; Проблемы геологии и освоения недр; Т. 2

Bibliografske podrobnosti
Parent link:Проблемы геологии и освоения недр: труды XVII Международного симпозиума имени академика М. А. Усова студентов и молодых ученых, Томск, 1-5 апреля 2013 г./ Национальный исследовательский Томский политехнический университет (ТПУ), Институт природных ресурсов (ИПР) ; Общество инженеров-нефтяников, Студенческий чаптер ; под ред. А. Ю. Дмитриева.— , 2013
Т. 2.— 2013.— [С. 146-148]
Glavni avtor: Силко Г. Ю. Галина Юрьевна
Korporativna značnica: Национальный исследовательский Томский политехнический университет (ТПУ) Институт природных ресурсов (ИПР) Кафедра химической технологии топлива и химической кибернетики (ХТТ)
Drugi avtorji: Белинская Н. С. Наталия Сергеевна (научный руководитель), Ивашкина Е. Н. Елена Николаевна, Иванчина Э. Д. Эмилия Дмитриевна
Izvleček:Заглавие с экрана
Jezik:ruščina
Izdano: 2013
Serija:Современные технологии подготовки освоения и переработки минерального и углеводородного сырья Моделирование процессов переработки углеводородного сырья
Teme:
Online dostop:http://www.lib.tpu.ru/fulltext/c/2013/C11/V2/062.pdf
Format: MixedMaterials Elektronski Book Chapter
KOHA link:https://koha.lib.tpu.ru/cgi-bin/koha/opac-detail.pl?biblionumber=605020

MARC

LEADER 00000naa2a2200000 4500
001 605020
005 20260410071620.0
035 |a (RuTPU)RU\TPU\conf\2305 
035 |a RU\TPU\conf\2303 
090 |a 605020 
100 |a 20140328d2013 k y0rusy50 ca 
101 0 |a rus 
102 |a RU 
135 |a arnn ---uucaa 
181 0 |a i  
182 0 |a b 
200 1 |a Этапы построения математической модели производства дизельного топлива  |f Г. Ю. Силко, Н. С. Белинская  |g науч. рук. Е. Н. Ивашкина, Э. Д. Иванчина 
203 |a Текст  |c электронный 
225 1 |a Современные технологии подготовки освоения и переработки минерального и углеводородного сырья  |v Моделирование процессов переработки углеводородного сырья 
300 |a Заглавие с экрана 
320 |a [Библиогр.: с. 148 (5 назв.)] 
337 |a Adobe Reader 
461 1 |0 (RuTPU)RU\TPU\conf\37  |t Проблемы геологии и освоения недр  |o труды XVII Международного симпозиума имени академика М. А. Усова студентов и молодых ученых, Томск, 1-5 апреля 2013 г.  |o в 2 т.  |f Национальный исследовательский Томский политехнический университет (ТПУ), Институт природных ресурсов (ИПР) ; Общество инженеров-нефтяников, Студенческий чаптер ; под ред. А. Ю. Дмитриева  |d 2013 
463 1 |0 (RuTPU)RU\TPU\conf\39  |t Т. 2  |v [С. 146-148]  |d 2013 
610 1 |a труды учёных ТПУ 
610 1 |a электронный ресурс 
610 1 |a этапы построения 
610 1 |a математические модели 
610 1 |a производство 
610 1 |a дизельное топливо 
700 1 |a Силко  |b Г. Ю.  |c химик  |c ассистент Томского политехнического университета, лаборант  |f 1990-  |g Галина Юрьевна  |3 (RuTPU)RU\TPU\pers\35978  |9 19119 
701 1 |a Белинская  |b Н. С.  |c химик  |c доцент Томского политехнического университета, кандидат технических наук  |f 1989-  |g Наталия Сергеевна  |y Томск  |3 (RuTPU)RU\TPU\pers\30822  |9 15069 
702 1 |a Ивашкина  |b Е. Н.  |c химик-технолог  |c доцент Томского политехнического университета, кандидат технических наук  |f 1983-  |g Елена Николаевна  |4 727 
702 1 |a Иванчина  |b Э. Д.  |c химик  |c профессор Томского политехнического университета, доктор технических наук  |f 1951-  |g Эмилия Дмитриевна  |4 727 
712 0 2 |a Национальный исследовательский Томский политехнический университет (ТПУ)  |b Институт природных ресурсов (ИПР)  |b Кафедра химической технологии топлива и химической кибернетики (ХТТ)  |3 (RuTPU)RU\TPU\col\18665 
801 2 |a RU  |b 63413507  |c 20230315  |g RCR 
856 4 |u http://www.lib.tpu.ru/fulltext/c/2013/C11/V2/062.pdf 
942 |c CF